千川通り(東京都道439号椎名町上石神井線)の交差点名 - Statistics

General Stats
  • This quiz has been taken 14 times
  • The average score is 3 of 14
Answer Stats
Hint Answer % Correct
杉並区井草四丁目・井草五丁目・ 練馬区下石神井二丁目・下石神井四丁目 井草四丁目
67%
練馬区練馬一丁目・豊玉北五丁目 練馬駅前
44%
練馬区豊玉上一丁目・栄町 武蔵大学前
33%
杉並区井草五丁目・練馬区下石神井四丁目 上井草駅入口
33%
練馬区上石神井一丁目・上石神井南町・関町南一丁目 立野橋
33%
練馬区豊玉上二丁目・桜台四丁目 豊玉上二丁目
22%
練馬区豊玉北六丁目・練馬三丁目・中村北一丁目 豊玉北六丁目
22%
中野区上鷺宮四丁目・上鷺宮五丁目 上鷺宮四丁目
22%
練馬区富士見台一丁目 富士見台一丁目
22%
練馬区関町南一丁目・関町南二丁目・関町南三丁目・上石神井一丁目 関町一丁目
22%
練馬区旭丘一丁目・豊玉上一丁目 江古田駅南口
11%
練馬区豊玉北六丁目・練馬一丁目・練馬三丁目 豊島園通り入口
11%
練馬区練馬一丁目・豊玉北五丁目・豊玉上二丁目 練馬消防署前
0%
練馬区練馬一丁目・豊玉北五丁目・豊玉北六丁目 文化センター入口
0%
No matching quizzes found
Score Distribution
Percent of People with Each Score
Percentile by Number Answered
Your Score History
You have not taken this quiz